ბათუმის შოთა რუსთაველის სახელმწიფო უნივერსიტეტის ბიბლიოთეკა

იგავ - არაკები კულტურათშორის დისკურსი და მათი ლინგვოკულტურული ანალიზი / (ბიბ.ჩანაწერი № 53454)

000 -ლიდერი
ფიქსირებული სიგრძის საკონტროლო ველი 01625nam a2200253Ia 4500
001 - საკონტროლო ნომერი
საკონტროლო ველი 20498
003 - საკონტროლო ნომრის იდენტიფიკატორი
საკონტროლო ველი GE_BSU
005 - ბოლო ოპერაციის თარიღი და დრო
საკონტროლო ველი 20210329171706.0
008 - ფიქსირებული სიგრძის მონაცემთა ელემენტები - ზოგადი ინფორმაცია
ფიქსირებული სიგრძის საკონტროლო ველი 181216s2017||||ge |||||||||||||| ||geo||
040 ## - კატალოგიზაციის წყარო
Transcribing agency GE_BSU
041 ## - ენის კოდი
Language code of text/sound track or separate title geo
080 ## - უნივერსალური ათობითი კლასიფიკაციის ინდექსი
Universal Decimal Classification number 81 დ-48
100 ## - მთავარი ჩანაწერი - პიროვნების სახელი
Personal name დილავეროვა, თამილა
9 (RLIN) 10814
245 ## - ცნობა სათაურის შესახებ
Title იგავ - არაკები კულტურათშორის დისკურსი და მათი ლინგვოკულტურული ანალიზი /
Statement of responsibility, etc თამილა დილავეროვა; სამეცნ. ხელმძღვანელი ნინო დვალიძე; ბსუ; ჰუმანიტარულ მეცნიერებათა ფაკ-ტი ევროპეისტიკის დეპარტამენტი.
264 ## - წარმოების, გამოცემის, დისტრიბუციის და სხვა ცნობები
გამოცემის, წარმოების, დისტრიბუციის... ადგილი ბათუმი,
გამოცემის, წარმოების, დისტრიბუციის... თარიღი 2017.
300 ## - ფიზიკური აღწერა
Extent 130 გვ.;
Other physical details 30 სმ.
653 ## - INDEX TERM--UNCONTROLLED
Uncontrolled term დისერტაცია
653 ## - INDEX TERM--UNCONTROLLED
Uncontrolled term იგავ - არაკები კულტურათშორის დისკურსი და მათი ლინგვოკულტურული ანალიზი
653 ## - INDEX TERM--UNCONTROLLED
Uncontrolled term ლინგვისტიკა
653 ## - INDEX TERM--UNCONTROLLED
Uncontrolled term ქართული ენა
700 ## - ADDED ENTRY--PERSONAL NAME
Personal name დვალიძე, ნინო
Relator term სამეცნ. ხელმძღვანელი
9 (RLIN) 10815
710 ## - ADDED ENTRY--CORPORATE NAME
Corporate name or jurisdiction name as entry element ბსუ;
Subordinate unit ჰუმანიტარულ მეცნიერებათა ფაკ-ტი ევროპეისტიკის დეპარტამენტი
9 (RLIN) 10816
942 ## - ADDED ENTRY ELEMENTS (KOHA)
Koha item type წიგნი
Source of classification or shelving scheme
ეგზემპლარები
ჩამოწერის სტატუსი დაკარგული ეგზემპლარის სტატუსი კლასიფიკაციის წყარო ან თაროზე გაწყობის სქემა დაზიანების სტატუსი არ გაიცემა მუდმივი მდებარეობა (დაცვის ადგილი) ამჟამინდელი ადგილსამყოფელი თაროზე განთავსების ადგილი შეძენის თარიღი სრული შენახვის შიფრი შტრიხკოდი ბოლო ოპერაციის თარიღი ეგზემპლარის მიმდევრობითი ნომერი (კეტერი?) ფასის ძალაში შესვლის თარიღი ეგზემპლარის სახეობა საჯარო შენიშვნა
          ბათუმის შოთა რუსთაველის სახელმწიფო უნივერსიტეტის მთავარი ბიბლიოთეკა ბათუმის შოთა რუსთაველის სახელმწიფო უნივერსიტეტის მთავარი ბიბლიოთეკა წიგნსაცავი 2018-12-17 81 დ-48 279 დისერტ. 2018-12-17 279 2018-12-17 დისერტაცია